Torre del Baró : Viladecans : arqueologia / Albert López Mullor ... [et al.] Viladecans :
Descripción Física:
228 p. : il., negre i col. ; 30 cm
Colección:
Monografies ; 4
MARC
| LEADER | 00000nam a2200000Ia 4500 | ||
|---|---|---|---|
| 001 | 11993 | ||
| 008 | 160829s1998 xx 000 0 cat d | ||
| 080 | |a H-1-19 | ||
| 245 | |a Torre del Baró : |b Viladecans : |b arqueologia / Albert López Mullor ... [et al.] | ||
| 260 | |a Barcelona : |b Diputació de Barcelona, Servei del Patrimoni Arquitectònic Local, |c 1998 | ||
| 300 | |a 228 p. : |b il., negre i col. ; |c 30 cm | ||
| 490 | |a Monografies ; 4 | ||
| 650 | |a Torre del Baró (Viladecans) |x Conservació i restauració |9 32677 | ||
| 650 | |a Arqueologia |x Viladecans |9 31525 | ||
| 710 | |a Barcelona (Catalunya : Província). |b Servei de Patrimoni Arquitectònic Local |9 19202 | ||
| 901 | |a Arxiu | ||
| 942 | |n 1 | ||
| 952 | |0 0 |1 0 |4 0 |6 H119 |7 1 |9 45651 |a Arxiu |b Arxiu |d 2016-12-01 |l 0 |o H-1-19 |p 11993 |r 2016-12-01 00:00:00 |w 2016-12-01 |y ARXIU | ||
| 999 | |c 49151 |d 49151 | ||